None dare call it conspiracy. (Record no. 14860)

000 -LEADER
fixed length control field 00605nam a2200193 a 4500
001 - CONTROL NUMBER
control field :::00012695$&:&@@
003 - CONTROL NUMBER IDENTIFIER
control field OkBaRHE
005 - DATE AND TIME OF LATEST TRANSACTION
control field 20000607103421.0
008 - FIXED-LENGTH DATA ELEMENTS--GENERAL INFORMATION
fixed length control field s1972 j 000 0 eng u
040 ## - CATALOGING SOURCE
Transcribing agency
100 1# - MAIN ENTRY--PERSONAL NAME
Personal name Allen, Gary.
245 10 - TITLE STATEMENT
Title None dare call it conspiracy.
260 ## - PUBLICATION, DISTRIBUTION, ETC. (IMPRINT)
Place of publication, distribution, etc Rossmoor, CA., :
Name of publisher, distributor, etc Concord Press
Date of publication, distribution, etc 1972
300 ## - PHYSICAL DESCRIPTION
Extent 141 p. : illus. ;
Dimensions 18 cm.
650 ## - SUBJECT ADDED ENTRY--TOPICAL TERM
Topical term or geographic name as entry element Communism
650 ## - SUBJECT ADDED ENTRY--TOPICAL TERM
Topical term or geographic name as entry element Communism
General subdivision United States
-- 1917-
942 ## - ADDED ENTRY ELEMENTS (KOHA)
Source of classification or shelving scheme
Koha item type Books
Copies
Lost status Current Location Koha item type Damaged status Full call number Not for loan Date last seen Withdrawn status Shelving location Date acquired Source of classification or shelving scheme Price effective from Barcode Copy number Permanent Location
 RHEMA Bible Training CollegeBooks HX 86 A33 2010-04-14 General Stacks2010-04-14 2010-04-14126951RHEMA Bible Training College